[Event "Prebor Prahy druzstev 2005 - Skupina 22"]
[Site "Praha, DDM Praha 6"]
[Date "2005.01.13"]
[Round "1.4"]
[White "Rylek, Milan"]
[Black "Krnak, Vladimir"]
[Result "1-0"]
[WhiteElo "1839"]
[BlackElo "1797"]
[PlyCount "79"]
[TimeControl "30/5400:2400"]

1. d4 Nf6 2. Nf3 d6 3. c4 g6 4. Nc3 Bg7 5. e4 O-O 6. Be2 e5 7. O-O Nc6 8. d5
Ne7 9. Be3 Nd7 10. Ne1 f5 11. f3 f4 12. Bf2 g5 13. a4 a5 14. Nd3 Ng6 15. c5 Nf6
16. Nb5 h5 17. cxd6 cxd6 18. Qc2 Ne8 19. Rfc1 g4 20. Nc7 Nxc7 21. Qxc7 Qf6 22.
Bb6 Nh4 23. Rc2 gxf3 24. Bxf3 Nxf3+ 25. gxf3 Bh3 26. Qc3 Rfc8 27. Qd2 Rxc2 28.
Qxc2 Qg5+ 29. Kh1 Rc8 30. Qd2 Ra8 31. Rg1 Qe7 32. Bxa5 Kh7 33. b3 Ra6 34. Bc3
Qc7 35. Qb2 Ra8 36. Nxf4 Rf8 37. Nxh3 Bh6 38. Ng5+ Bxg5 39. Rxg5 Rxf3 40. Rxh5+
1-0

[Event "Prebor Prahy druzstev 2005 - Skupina 22"]
[Site "Praha, DDM Praha 6"]
[Date "2005.01.13"]
[Round "1.6"]
[White "Chaloupka, Martin"]
[Black "Prib ml., Josef"]
[Result "0-1"]
[WhiteElo "1743"]
[BlackElo "1784"]
[PlyCount "54"]
[TimeControl "30/5400:2400"]

1. d4 d5 2. c4 e6 3. Nc3 Nf6 4. Bg5 Nbd7 5. Nf3 c6 6. e3 Qa5 7. Nd2 dxc4 8.
Bxf6 Nxf6 9. Bxc4 Nd5 10. Bxd5 exd5 11. O-O Bd6 12. Rc1 O-O 13. h3 Qd8 14. Nf3
f5 15. a3 Rf6 16. Ne5 f4 17. e4 Bxe5 18. dxe5 Rg6 19. Qf3 Qh4 20. Kh2 Bg4 21.
Qxf4 d4 22. Nb1 Rf8 23. Qg3 Qh6 24. Qd3 Rf3 25. Qc4+ Be6 26. Qxe6+ Rxe6 27.
gxf3 Qf4+ 0-1

[Event "Prebor Prahy druzstev 2005 - Skupina 22"]
[Site "Praha, DDM Praha 6"]
[Date "2005.01.13"]
[Round "1.8"]
[White "Stary, Rostislav"]
[Black "Safranek, David"]
[Result "1-0"]
[WhiteElo "1600"]
[BlackElo "1670"]
[PlyCount "143"]
[TimeControl "30/5400:2400"]

1. d4 d5 2. c4 e6 3. Nc3 Nf6 4. Bg5 Be7 5. e3 O-O 6. Bxf6
Bxf6 7. Nf3 b6 8. cxd5 exd5 9. Bd3 Re8 10. Qc2 h6 11. O-O c6 12. Ne2 Qd6 13.
Rac1 Na6 14. Bxa6 Bxa6 15. Rfe1 Bb7 16. Nf4 Rac8 17. Nd3 Be7 18. Qa4 a6 19. Rc3
c5 20. dxc5 bxc5 21. Nxc5 Bc6 22. Qxa6 Ra8 23. Qd3 Bf6 24. Rc2 d4 25. exd4
Rxe1+ 26. Nxe1 Bxd4 27. b4 Rd8 28. Qc4 Qg6 29. Nb3 Ba4 30. Nxd4 Rxd4 31. Qxd4
Bxc2 32. b5 Be4 33. Qe3 f5 34. f3 Bd5 35. a4 Qf6 36. a5 Qa1 37. Qd2 Bc4 38. b6
Ba6 39. Kf2 Qe5 40. h3 Qc5+ 41. Kg3 h5 42. Nd3 Qd6+ 43. Qf4 Qxd3 44. b7 Bxb7
45. Qb8+ Kh7 46. Qxb7 Qd6+ 47. f4 Qa3+ 48. Qf3 Qxa5 49. Qxh5+ Kg8 50. Qf3 Qe1+
51. Kh2 g6 52. g4 Qd2+ 53. Kg3 Qe1+ 54. Qf2 Qc3+ 55. Kh2 Qf6 56. Qa2+ Kf8 57.
Qa8+ Kf7 58. Qd5+ Kf8 59. Qe5 Qf7 60. Kg3 Kg8 61. Qb8+ Kh7 62. g5 Qe7 63. Qe5
Qa3+ 64. Kh4 Qf3 65. Qe7+ Kg8 66. Qe6+ Kg7 67. Qf6+ Kh7 68. Qf7+ Kh8 69. Qf8+
Kh7 70. Qh6+ Kg8 71. Qxg6+ Kf8 72. Qxf5+ 1-0

[Event "Prebor Prahy druzstev 2005 - Skupina 22"]
[Site "Praha, Viktoria Zizkov"]
[Date "2005.01.21"]
[Round "2.4"]
[White "Rylek, Milan"]
[Black "Majkrak, Petr"]
[Result "1-0"]
[WhiteElo "1839"]
[BlackElo "1769"]
[PlyCount "67"]
[TimeControl "30/5400:2400"]

1. d4 d5 2. c4 e6 3. e3 Nf6 4. Nc3 g6 5. Nf3 Bg7 6. Bd3 dxc4 7. Bxc4 O-O 8. O-O
Nc6 9. a3 a6 10. b4 Bd7 11. h3 Qc8 12. Nh2 e5 13. d5 Ne7 14. e4 Ne8 15. f3 Nd6
16. Bd3 f5 17. Bg5 Bf6 18. Qd2 f4 19. Bxf6 Rxf6 20. Ng4 Bxg4 21. hxg4 g5 22.
Kf2 Rh6 23. Rh1 Qf8 24. Na4 Nb5 25. Nc5 Nd4 26. Qc3 b6 27. Nd7 Qg7 28. Qxc7 Rc8
29. Qxe5 Qxe5 30. Nxe5 Rxh1 31. Rxh1 Ng6 32. Nxg6 hxg6 33. Rd1 b5 34. e5 1-0

[Event "Prebor Prahy druzstev 2005 - Skupina 22"]
[Site "Praha, Viktoria Zizkov"]
[Date "2005.01.21"]
[Round "2.5"]
[White "Svoboda, Jiri"]
[Black "Prib ml., Josef"]
[Result "0-1"]
[WhiteElo "1818"]
[BlackElo "1784"]
[PlyCount "80"]
[TimeControl "30/5400:2400"]

1. e4 e5 2. f4 exf4 3. Nf3 Be7 4. Bc4 Nf6 5. Nc3 O-O 6. d4 Nxe4 7. Nxe4 d5 8.
Bxd5 Qxd5 9. Nc3 Bb4 10. O-O Bxc3 11. bxc3 g5 12. Re1 Nc6 13. Ba3 Rd8 14. Be7
Nxe7 15. Rxe7 Qd6 16. Re1 Bg4 17. Qd3 Bxf3 18. Qxf3 Qd5 19. Re5 Qxf3 20. Rxg5+
Kf8 21. gxf3 Re8 22. Kf2 Re3 23. Rag1 Rd8 24. Rg8+ Ke7 25. Rxd8 Kxd8 26. c4 Rc3
27. Rc1 Kd7 28. Ke2 Ke6 29. Re1 Kd6 30. Kd2 Rxf3 31. c3 Rh3 32. Re2 b6 33. Rf2
Ke6 34. a3 Kf5 35. Kc2 Ke4 36. Kd2 f3 37. d5 a6 38. a4 a5 39. Kd1 Ke3 40. Ke1
Rh4 0-1

[Event "Prebor Prahy druzstev 2005 - Skupina 22"]
[Site "Praha, Viktoria Zizkov"]
[Date "2005.01.21"]
[Round "2.6"]
[White "Bernasek, Prokop"]
[Black "Palecek, Josef"]
[Result "0-1"]
[WhiteElo "1666"]
[BlackElo "1778"]
[Annotator "Bernasek, Prokop"]
[PlyCount "60"]
[TimeControl "30/5400:2400"]

1. e4 e6 2. d4 c5 3. c3 Nf6 4. Bd3 cxd4 5. cxd4 Nc6 6. Ne2 Nb4 7. O-O Nxd3 8.
Qxd3 Be7 9. Nbc3 d6 10. Qg3 O-O 11. e5 Ne8 12. Rd1 d5 13. Rd3 f6 14. Nf4 fxe5
15. dxe5 Rf5 16. Nh3 Bd7 17. a4 a5 18. Ne2 Rc8 19. Nd4 Rh5 20. Qg4 $2 {
Chyceni veze nemuze vyjit} 20... Rxe5 21. Bf4 Re4 22. f3 Rxd4 23. Rxd4 e5 24.
Qh5 exd4 25. Qxd5+ Kh8 26. Ng5 Bxg5 27. Bxg5 Nf6 28. Qf7 Qf8 29. Qb3 Bc6 30.
Re1 Re8 {Je po casovce i po partii :((} 0-1

[Event "Prebor Prahy druzstev 2005 - Skupina 22"]
[Site "Praha, Viktoria Zizkov"]
[Date "2005.01.21"]
[Round "2.7"]
[White "Chromovsky, Hynek"]
[Black "Safranek, David"]
[Result "0-1"]
[WhiteElo "1706"]
[BlackElo "1670"]
[PlyCount "58"]
[TimeControl "30/5400:2400"]

1. e4 e5 2. Nf3 Nc6 3. d4 exd4 4. Nxd4 Nf6 5. Nxc6 bxc6 6. Bd3
Bc5 7. O-O O-O 8. Bg5 Re8 9. Qf3 Rb8 10. Nd2 h6 11. Bh4 g5 12. Bg3 d5 13. h3
Bd6 14. b3 Bb7 15. exd5 cxd5 16. Bxd6 Qxd6 17. Rfe1 Ba6 18. Bxa6 Qxa6 19. Qc3
Qd6 20. a4 c5 21. Rad1 Rxe1+ 22. Rxe1 Re8 23. Rxe8+ Nxe8 24. Qe3 Nf6 25. b4 d4
26. Qb3 cxb4 27. Nf3 Ne4 28. Qc4 Nc3 29. Nxd4 Qxd4 0-1

[Event "Prebor Prahy druzstev 2005 - Skupina 22 (Viktoria Zizkov D - DDM B)"]
[Site "Praha, Viktoria Zizkov"]
[Date "2005.01.21"]
[Round "2.8"]
[White "Vlach, Karel"]
[Black "Brndiar, Pavel"]
[Result "1-0"]
[WhiteElo "1870"]
[BlackElo "1677"]
[PlyCount "55"]
[TimeControl "30/5400:2400"]

1. e4 e5 2. Nf3 Nc6 3. Bc4 Be7 4. O-O Nf6 5. d4 Nxe4 6. dxe5 Nc5 7. Be3 Ne6 8.
Nc3 d6 9. exd6 Bxd6 10. Ne4 Be7 11. Qe2 O-O 12. Rad1 Qe8 13. Rfe1 Na5 14. Bb5
c6 15. Bd3 b5 16. Neg5 Nxg5 17. Bxg5 Be6 18. Qe4 g6 19. Bh6 Qc8 20. Qe5 f6 21.
Qxe6+ Rf7 22. h4 Qc7 23. h5 Bf8 24. Bxf8 Kxf8 25. hxg6 hxg6 26. Bxg6 Rg7 27.
Qe8+ Rxe8 28. Rxe8# 1-0

[Event "Prebor Prahy druzstev 2005 - Skupina 22"]
[Site "Praha, DDM Praha 6"]
[Date "2005.01.27"]
[Round "3.7"]
[White "Safranek, David"]
[Black "Rezek Jakub"]
[Result "1/2-1/2"]
[WhiteElo "1670"]
[BlackElo "1792"]
[PlyCount "77"]
[TimeControl "30/5400:2400"]

1. e4 e5 2. Nf3 Nc6 3. Bb5 Nf6 4. O-O Nxe4 5. Re1 Nd6 6. Bxc6 dxc6 7. Nxe5 Be7
8. Nc3 O-O 9. d3 Nf5 10. Ne4 Be6 11. Bf4 Nh4 12. Nc4 Bd5 13. Ne3 Ng6 14. Qf3 f5
15. Nxd5 fxe4 16. Nxe7+ Qxe7 17. Rxe4 Qf6 18. Bxc7 Qxb2 19. Qd1 Rae8 20. Bg3
Rxe4 21. dxe4 Re8 22. f3 Ne5 23. Bxe5 Qxe5 24. Rb1 b6 25. Qd7 Re7 26. Qxc6 Rc7
27. Qd5+ Qxd5 28. exd5 Rxc2 29. d6 Rd2 30. Rc1 Rxd6 31. Rc8+ Kf7 32. Rc7+ Kf6
33. Rxa7 h5 34. a4 g6 35. Kf2 Rd2+ 36. Kg3 Rb2 37. Ra6 Kf5 38. a5 bxa5 39.
Rxa5+ 1/2-1/2

[Event "Prebor Prahy druzstev 2005 - Skupina 22 (Praga F - DDM B)"]
[Site "Praha, DDM Praha 6"]
[Date "2005.01.27"]
[Round "3.8"]
[White "Hala, Slavoj"]
[Black "Vlach , Karel"]
[Result "0-1"]
[WhiteElo "1668"]
[BlackElo "1870"]
[PlyCount "84"]
[TimeControl "30/5400:2400"]

1. Nf3 c5 2. e4 Nf6 3. Nc3 d6 4. d4 cxd4 5. Nxd4 a6 6. f4 Nc6 7. Be3 Ng4 8. Qd2
Nxe3 9. Qxe3 Qb6 10. Nd5 Qxd4 11. Qxd4 Nxd4 12. O-O-O Ne6 13. f5 Rb8 14. fxe6
fxe6 15. Nb6 e5 16. Nxc8 Rxc8 17. b3 g6 18. Bc4 Bh6+ 19. Kb2 Be3 20. Rhf1 Bd4+
21. Kb1 Rc7 22. Be6 Rf8 23. Rxf8+ Kxf8 24. Rf1+ Kg7 25. Rf7+ Kh6 26. g4 Kg5 27.
h3 h6 28. c4 b5 29. Kc2 b4 30. Kd3 a5 31. Rg7 Kf6 32. Rg8 Kxe6 33. Rxg6+ Kf7
34. Rxh6 Kg7 35. Re6 Bf2 36. Ke2 Bh4 37. Kf3 Bf6 38. g5 Kf7 39. Rxf6+ exf6 40.
Kg4 Kg6 41. h4 fxg5 42. h5+ Kf6 0-1

[Event "Prebor Prahy druzstev 2005 - Skupina 22"]
[Site "?"]
[Date "2005.01.31"]
[Round "4.5"]
[White "Achylis, Milos"]
[Black "Prib ml., Josef"]
[Result "0-1"]
[WhiteElo "1827"]
[BlackElo "1784"]
[PlyCount "54"]

1. e4 e5 2. Nf3 Nf6 3. Nc3 Nc6 4. Bc4 Nxe4 5. Nxe4 d5 6. Bxd5 Qxd5 7. d3 Bg4 8.
O-O O-O-O 9. Be3 f5 10. Nc3 Bxf3 11. gxf3 Qd6 12. a3 f4 13. Bd2 Nd4 14. Kh1 Qc6
15. Ne4 Qxc2 16. Bc3 Qxd1 17. Raxd1 Nxf3 18. Kg2 Nd4 19. f3 Nf5 20. Bxe5 Ne3+
21. Kf2 Nxf1 22. Kxf1 Rg8 23. Rc1 c6 24. Ke2 g5 25. Rc4 Rg6 26. b4 Bg7 27. Bxg7
Rxg7 0-1

[Event "Prebor Prahy druzstev 2005 - Skupina 22 (Lokomotiva C - DDM B)"]
[Site "Praha"]
[Date "2005.01.31"]
[Round "4.6"]
[White "Bernasek, Prokop"]
[Black "Skvrna, Zdenek"]
[Result "1-0"]
[WhiteElo "1666"]
[BlackElo "1881"]
[Annotator "Bernasek, Prokop"]
[PlyCount "26"]

1. e4 c5 2. Nf3 d6 3. d4 cxd4 4. Nxd4 a6 5. Be2 Nf6 6.
Nc3 e6 7. O-O Be7 8. Be3 Nc6 9. f4 O-O 10. Nxc6 bxc6 11. e5 dxe5 12. fxe5 Nd5
13. Bd4 Qc7 14. Bf3 Rb8 15. Be4 Rd8 $4 (15... c5 $15) 16. Bxh7+ $1 Kxh7 17.
Qh5+ Kg8 18. Qxf7+ Kh7 19. Rf3 $2 (19. Nxd5 exd5 20. e6) 19... Bg5 20. Qh5+ Bh6
21. Rf7 Rd7 22. Raf1 Rxf7 (22... Rb7 23. Rf8 Rd8 24. Ne4 $18) 23. Rxf7 Qd8 $2 (
23... Qa5 $11) 24. Nxd5 cxd5 25. Be3 Kg8 26. Bxh6 1-0

[Event "Prebor Prahy druzstev 2005 - Skupina 22"]
[Site "Praha, Lokomotiva"]
[Date "2005.01.31"]
[Round "4.7"]
[White "Rezanka, Frantisek"]
[Black "Safranek, David"]
[Result "1/2-1/2"]
[WhiteElo "1794"]
[BlackElo "1670"]
[PlyCount "61"]
[TimeControl "30/5400:2400"]

1. d4 d5 2. Nf3 Nf6 3. g3 Nbd7 4. Bg2 e6 5. c4 dxc4 6. Nbd2
Nb6 7. Qc2 Bb4 8. O-O Bd7 9. Nxc4 O-O 10. b3 Bc6 11. Bb2 Be4 12. Qc1 Qe7 13.
Ncd2 Bxd2 14. Qxd2 Rfd8 15. Qf4 Nbd5 16. Qc1 b5 17. Ne5 Bxg2 18. Kxg2 Qe8 19.
Re1 Nd7 20. Nc6 Rdc8 21. Ba3 Nb8 22. Nxb8 Raxb8 23. e4 Nf6 24. Qc5 a5 25. d5
exd5 26. exd5 Qd7 27. Rad1 Re8 28. d6 c6 29. Bb2 Rxe1 30. Rxe1 Nd5 31. Rc1
1/2-1/2

[Event "Prebor Prahy druzstev 2005 - Skupina 22 (Lokomotiva C - DDM B)"]
[Site "Praha, Lokomotiva"]
[Date "2005.01.31"]
[Round "4.8"]
[White "Vlach, Karel"]
[Black "Frous, Petr"]
[Result "1-0"]
[WhiteElo "1870"]
[BlackElo "1769"]
[PlyCount "45"]

1. e4 e6 2. d4 d5 3. Nc3 Nf6 4. e5 Nfd7 5. f4 Bb4 6. a3 Bxc3+ 7. bxc3 c5 8. Qg4
Kf8 9. f5 exf5 10. Qxf5 Nc6 11. Qf2 b6 12. Nf3 h6 13. Bb5 Bb7 14. O-O Qe7 15.
Nh4 Kg8 16. Nf5 Qe6 17. Nd6 a6 18. Bd3 Nd8 19. Qg3 Nf8 20. Rf6 Qd7 21. Bxh6 Ng6
22. Bxg6 Rxh6 23. Bf5 1-0

[Event "Prebor Prahy druzstev 2005 - Skupina 22 (DDM B - Smichov C)"]
[Site "Praha, DDM Praha 6"]
[Date "2005.02.10"]
[Round "5.6"]
[White "Skoloud, Miroslav"]
[Black "Bernasek, Prokop"]
[Result "1/2-1/2"]
[WhiteElo "1587"]
[BlackElo "1666"]
[Annotator "Bernasek, Prokop"]
[PlyCount "92"]

1. e4 e5 2. Nf3 Nc6 3. Bc4 Nf6 4. Ng5 d5 5. exd5 Na5 6. Bb5+ c6 7. dxc6 bxc6 8.
Be2 h6 9. Nf3 e4 10. Ne5 Qd5 11. Ng4 Nxg4 12. Bxg4 Qg5 13. Bxc8 Qxg2 14. Bd7+
Kxd7 15. Rf1 Bd6 16. Qh5 Qg5 17. Qh3+ f5 18. Nc3 Rae8 19. Kd1 Qf6 20. d3 exd3
21. cxd3 g5 22. Be3 Kc7 23. f4 g4 24. Qg3 Bb4 25. Rc1 Qe6 26. Re1 Kb7 27. Bd2
Qf7 28. Qg2 a6 29. Nb5 Qxa2 30. Nd4 Rxe1+ 31. Bxe1 Bxe1 32. Kxe1 Re8+ 33. Kf1
Qa4 34. Ne2 Nb3 35. Rc2 Re6 $2 (35... Nd4 $1 36. Nxd4 Qa1+ 37. Kf2 Qe1#) 36.
Qf2 Qa1+ 37. Kg2 Qd1 38. Ng3 Qxd3 39. Rc3 Qd5+ 40. Kg1 Nd2 41. Re3 Nf3+ 42. Kg2
Nh4+ 43. Kf1 Qd1+ (43... Rxe3 $1 44. Qxe3 Qg2+ 45. Ke1 Nf3+ 46. Kd1 Qxb2 47.
Qe7+ Kb6 48. Qd8+ Kc5 49. Qa5+ Qb5 50. Qc3+) 44. Re1 Rxe1+ 45. Qxe1 Qxe1+ 46.
Kxe1 Kb6 1/2-1/2

[Event "Prebor Prahy druzstev 2005 - Skupina 22"]
[Site "Praha, DDM Praha 6"]
[Date "2005.02.10"]
[Round "5.7"]
[White "Trcka, Bohdan"]
[Black "Safranek, David"]
[Result "0-1"]
[WhiteElo "1599"]
[BlackElo "1670"]
[Annotator "Safranek,David"]
[PlyCount "138"]
[TimeControl "30/5400:2400"]

1. e4 e5 2. Be2 {ztraci vyhodu, a po} Nf6 {je hra vyrovnana} 3. d3 ({lepe asi} 
3. Nf3) 3... d5 4. Bg5 $2 $15 {
no to je ale zahajeni, po 4. tahu uz stojim lip a to jsem cerny} (4. Nf3) 4...
dxe4 5. Bxf6 (5. Nc3) 5... Qxf6 6. dxe4 Bc5 7. Nf3 Qb6 $2 {
tento pomerne logicky tah umoznuje bilemu vyrovnat hru, no kdo by to rekl} (
7... O-O {je lepsi, ale zadny konkretni zisk jsem tam nevidel} 8. O-O Rd8) 8.
Qd5 $2 (8. O-O {vyrovnavala hru} O-O (8... Qxb2 9. Nbd2 $11) 9. Nbd2 $11) 8...
Bxf2+ (8... Be6 {davalo tempo navic pri stejne pozici} 9. Qd3 Bxf2+ 10. Kf1
Qxb2 11. Qb5+ Qxb5 12. Bxb5+ c6) (8... Qxb2 9. Qxc5 Qxa1 10. O-O {
se mi moc nelibilo}) 9. Kf1 Qxb2 10. Qb5+ Qxb5 11. Bxb5+ c6 {
no, a jak by se mi ted hodilo to Se6} 12. Bxc6+ ({lepe} 12. Kxf2 cxb5 13. Nc3)
12... Nxc6 13. Kxf2 O-O {
Dlouho jsem zvazoval, zda neni lepsi nechat krale v centru} (13... Be6) 14. Na3
Bg4 (14... f5 {lepe asi rovnou}) 15. c3 f5 16. exf5 Rxf5 17. Kg3 $2 (17. Ke3)
17... Bxf3 18. gxf3 Raf8 19. Rhf1 Rf4 $2 (19... e4 20. f4 g5 {
vazbu jsem videl, tak ani nevim ceho jsem se na tehle variante bal}) 20. Rab1
Ra4 $2 {pesec dobrej, sice mu centalizuju jezdce, ale ta vez na 2. rade} ({
ale stale bylo lepsi} 20... e4 21. Rxb7 Rxf3+ 22. Rxf3 Rxf3+) 21. Nb5 Rxa2 22.
Nd6 b6 23. Ne4 Rf4 {zbytecne jsem se bal f4 a blokoval} (23... Nd8 24. f4 exf4+
25. Rxf4 Rxf4 26. Kxf4) (23... Ne7 24. f4 exf4+ 25. Rxf4 Rxf4 26. Kxf4) 24.
Rbd1 Ne7 25. Rd8+ Kf7 26. Nd6+ {
premyslel jsem zda na e6 ci g6 a nakonec si vybral to horsi} Kg6 $2 (26... Ke6
27. Rd1 Rc2 (27... Rf6 28. h4 Rg6+ 29. Kh3 Rgg2) 28. Rd3 Rf6) 27. h4 Kh5 (27...
Rc2 28. c4) 28. Rd7 Ng6 {
nejak se mi to prestava libit, tim kralem jsem mel urcite jit jinam} ({
nasledujici variantu jsem nevidel, a tak jsem se bal obetovat jezdce} 28...
Rxh4 29. Rxe7 $2 (29. Rf2 Rxf2 30. Kxf2 Rh2+ 31. Ke1 Nd5) 29... Rah2 30. Rxe5+
g5 31. Rxg5+ Kxg5 32. Ne4+ {podobna koncovka jako vznikla v hlavni variante})
29. Rxg7 h6 30. Re1 Rxh4 $2 {posledni minutka na hodinach, stiham pocitat obet
na g6, ale Vf7 davajici bilemu sanci na remizu nevidim. Bily zacal pokrikovat,
ze vyhral na cas, tak mu to Kauc musel jit dozadu vysvetlit...} (30... Raa4)
31. Rxg6 $2 ({kdyby zahral} 31. Rf7 $1 {skoncilo by to pravdepodobne remizou}
Rf4 32. Rh1+ Nh4 33. Rxh4+ Rxh4 34. Rf5+ Kg6 35. Kxh4 Rd2 36. Ne4 Kxf5 37. Nxd2
Kf4 $11) 31... Rhh2 {chudak bily zacal bedovat, jezis co ted...} 32. Rxh6+ Kxh6
33. Rxe5 {mam kvalitu navic, ale uplatnit ji pujde hodne tezko} Rhe2 34. Rb5
Kg6 35. Kf4 Kf6 36. Ne4+ Ke6 37. c4 Rab2 38. Re5+ Kd7 39. c5 bxc5 (39... b5 {
jsem si nejak netrouf}) 40. Rxc5 Rec2 41. Ra5 Ra2 42. Rd5+ Kc7 43. Ke5 a5 44.
f4 ({dulezitejsi bylo obsadit 1. radu} 44. Rd1) 44... a4 ({
ted jsem ji mel zas pro zmenu obsadit ja} 44... Ra1) 45. f5 (45. Rd1) 45... Kb6
$2 $11 (45... Ra1) 46. f6 Rc7 47. Rd6+ Kb7 48. Ke6 (48. Rd4 $11) 48... Re2 49.
Kd5 $2 {po tomto tahu je to sice stale remiza, ale bily musi hrat presne} (49.
Rd4 $11) 49... a3 50. Nc5+ Kc8 51. Ra6 Rd2+ 52. Ke6 $2 {
zahodil posledni sanci na remizu} (52. Kc4 $11 Rc2+ 53. Kb4 R2xc5 54. f7 Rc4+
55. Kb5 R7c5+ 56. Kb6 Rf5 57. f8=Q+ Rxf8 58. Ra8+ Kd7 59. Rxf8 Rb4+ 60. Kc5 $11
) 52... Rxc5 53. Rxa3 ({nepomohlo by ani} 53. f7 Re2+ (53... Rf2 54. f8=Q+ Rxf8
55. Ra8+ Kb7 56. Rxf8 a2 57. Rf1 Kb6 $19) 54. Kd6 Rf5 55. f8=Q+ Rxf8 56. Ra8+
Kb7 57. Rxf8 a2 58. Rf1 Kb6 $19) 53... Re2+ 54. Kf7 Rf2 55. Ra6 Kd7 56. Ra7+
Rc7 57. Rxc7+ (57. Ra6 {nebylo tak primocare}) 57... Kxc7 58. Ke7 {
zubil se a rikal, ze to je remiza} Re2+ 59. Kf8 Rf2 {uplne jsem zapomnel, ze
se muze vratit na e7, nastesti 2x opakovana pozice jeste neni remiza} 60. Ke7 {
nabidl remis} Re2+ 61. Kf8 Kd8 62. f7 Rf2 63. Kg8 Ke7 {
je rozhodnuto, ale hral to az do matu, asi cekal, ze ho jeste zpatim} 64. f8=Q+
Rxf8+ 65. Kg7 Rf6 66. Kg8 Rg6+ 67. Kh8 Kf7 68. Kh7 Rf6 69. Kh8 Rh6# {me zbyvalo
5 minut, souperi 1:15, kdyby nehral tak rychle, jak je jeho zvykem, tak by to
pro nej dopadlo asi lip} 0-1

[Event "Prebor Prahy druzstev 2005 - Skupina 22"]
[Site "?"]
[Date "2005.02.14"]
[Round "6.5"]
[White "Selder, Jan"]
[Black "Prib ml., Josef"]
[Result "1/2-1/2"]
[WhiteElo "1869"]
[BlackElo "1784"]
[PlyCount "45"]

1. e4 e5 2. Nf3 Nf6 3. Nxe5 d6 4. Nf3 Nxe4 5. Qe2 Qe7 6. d3 Nf6 7. Bg5 Qxe2+ 8.
Bxe2 Be7 9. O-O O-O 10. Nc3 c6 11. Ne4 Nbd7 12. Rfe1 h6 13. Bf4 Nxe4 14. dxe4
Bf6 15. c3 Ne5 16. Rad1 Nxf3+ 17. Bxf3 Be5 18. Bxe5 dxe5 19. Rd2 Be6 20. b3
Rfd8 21. Red1 Rxd2 22. Rxd2 Kf8 23. g3 1/2-1/2

[Event "Prebor Prahy druzstev 2005 - Skupina 22"]
[Site "Praha, Vysehrad"]
[Date "2005.02.14"]
[Round "6.7"]
[White "Miksatko, Miroslav"]
[Black "Safranek, David"]
[Result "1/2-1/2"]
[WhiteElo "1937"]
[BlackElo "1670"]
[Annotator "Safranek, David"]
[PlyCount "86"]
[TimeControl "30/5400:2400"]

1. d4 d5 2. c4 e6 3. Nc3 Nf6 4. Bg5 Be7 5. e3 O-O 6. Nf3 h6 (6... Nbd7 7. Bxf6
Bxf6 8. cxd5) 7. Bxf6 Bxf6 8. Qc2 c5 9. dxc5 Qa5 10. cxd5 exd5 11. Bd3 (11. Be2
) 11... Nc6 12. O-O Nb4 13. Qe2 Bg4 14. Rfd1 Qxc5 15. Rac1 Nxd3 (15... Rac8)
16. Qxd3 Rac8 17. Qxd5 Bxc3 $2 ({premyslel jsem i o} 17... Qb4 18. Ne4 Bxb2 19.
Rb1 {ale nejak se mi to nezdalo}) 18. bxc3 (18. Qxb7 $4 Qb4) 18... Qxd5 19.
Rxd5 Bxf3 20. gxf3 Rc7 21. Kf1 Rfc8 {nabidl jsem remis} 22. Rd3 b5 23. Ke2 b4
24. Kd2 Kf8 25. Rb1 (25. f4) 25... bxc3+ 26. Kc2 Ke7 $2 (26... Rc4 {
bylo hodne nadejne} 27. a3 (27. Rb3 Rh4 28. Rdxc3 Rxc3+ 29. Kxc3 Rxh2 30. Rb2
h5 (30... g5 31. Kd3 h5 32. Rb5 f6 33. Ke2))) 27. Rb3 Ke6 $2 {po vymene vezi
jsem videl hlavni variantu az do 42. tahu cerneho a spravne odhadl na remiz,
bily vsak mohl odbocit s vyhrou} (27... Kf6 {jsem se zbytecne bal} 28. Rd6+ Kg5
29. Rb5+ (29. Rb4 $11) 29... Kh4 30. Rd4+ Kh3 31. Rh5+ $19 (31. Rg4 g6 {
se mi moc nelibilo, ale opak je skutecnosti} 32. Rb1 Rd8 33. Rd4 Rxd4 34. exd4
Kxh2 $19)) 28. Rdxc3 Rxc3+ 29. Rxc3 Rxc3+ $2 {
z remizove vezovky do prohrane pescovky} (29... Rb8) 30. Kxc3 Kf6 31. Kc4 (31.
Kd2 $1 Kg5 32. Ke2 Kh4 33. Kf1 Kh3 34. Kg1 {sem jsem to videl kdyz jsem menil
veze. Zdalo se mi to dobre, ale koncovka je pro bileho vyhrana protoze muze
tempovat} a6 35. f4 Kg4 36. Kg2 g6 37. h3+ Kf5 38. Kf3 Kf6 39. Ke4 Ke6 40. Kd4
$18) (31. f4 g5 (31... Kf5 32. f3 g5 33. fxg5 Kxg5 34. Kd4 Kh4 (34... h5 35.
Ke5 Kh4 36. Kf6 Kh3 37. e4 Kxh2 38. e5 h4 39. Kxf7 h3 40. e6 Kg3 41. e7 h2 42.
e8=Q h1=Q) 35. e4 $16) 32. fxg5+ Kxg5 33. Kd4) 31... Kg5 32. Kb5 $11 ({
daleko lepsi bylo} 32. Kd5 h5 33. Kd6 Kh4 34. e4 Kh3 35. e5 Kxh2 36. f4 h4 37.
f5 h3 38. e6 fxe6 39. fxe6 Kg1 40. e7 h2 41. e8=Q h1=Q 42. Qe1+ Kg2 $18) 32...
Kh4 {lepsi bylo nejdrive h5} (32... h5 33. Ka6 Kh4 34. Kxa7 Kh3 35. Kb6 h4 36.
a4 Kxh2 37. a5 h3 38. a6 Kg1 39. a7 h2 40. a8=Q h1=Q 41. Qa1+ Kg2 42. Qxg7+
Kxf2 43. Qxf7 Qxf3 $11) 33. Ka6 (33. f4 g6 $1 34. Ka6 Kh3 35. Kxa7 Kxh2 36. Kb6
(36. Kb8 h5 37. a4 h4 38. a5 h3 39. a6 Kg1 40. a7 h2 41. a8=Q h1=Q $11) 36...
h5 37. a4 h4 38. a5 h3 39. a6 Kg1 40. a7 h2 41. a8=Q h1=Q 42. Qxh1+ (42. Qa1+
Kg2) 42... Kxh1 $11) 33... Kh3 34. Kxa7 Kxh2 35. Kb6 h5 36. a4 h4 37. a5 h3 38.
a6 Kg1 39. a7 h2 40. a8=Q h1=Q 41. Qa1+ Kg2 42. Qxg7+ Kxf2 43. Qxf7 Qxf3
1/2-1/2

[Event "Prebor Prahy druzstev 2005 - Skupina 22"]
[Site "?"]
[Date "2005.02.24"]
[Round "7.5"]
[White "Prib ml., Josef"]
[Black "Docekal, Vladimir"]
[Result "1-0"]
[WhiteElo "1784"]
[BlackElo "1817"]
[PlyCount "47"]

1. e4 c5 2. d4 cxd4 3. c3 dxc3 4. Nxc3 Nc6 5. Nf3 g6 6. Bc4 e6 7. O-O Bg7 8.
Nb5 h6 9. Qd6 Qe7 10. Nc7+ Kd8 11. Qxe7+ Ngxe7 12. Nxa8 f5 13. exf5 Nxf5 14.
Rd1 d6 15. g4 Nfe7 16. Rxd6+ Ke8 17. Nc7+ Kf7 18. Bxe6+ Bxe6 19. Nxe6 Be5 20.
Nxe5+ Nxe5 21. Bf4 Nxg4 22. Rd8 Rh7 23. Re1 g5 24. Bxg5 1-0

[Event "Prebor Prahy druzstev 2005 - Skupina 22"]
[Site "?"]
[Date "2005.02.24"]
[Round "7.7"]
[White "Vlach, Karel"]
[Black "Brabec, Jaroslav"]
[Result "1-0"]
[WhiteElo "1870"]
[BlackElo "1697"]
[PlyCount "63"]

1. e4 e6 2. d4 d5 3. Nc3 Nf6 4. e5 Nfd7 5. Qg4 c5 6. Bg5 Qb6 7. O-O-O Nc6 8.
dxc5 Bxc5 9. Na4 Qc7 10. Nxc5 Nxc5 11. Be3 Nd7 12. Qxg7 Qxe5 13. Qg4 Nf6 14.
Qh4 Rg8 15. Nf3 Rg4 16. Qxg4 Nxg4 17. Nxe5 Nxe3 18. Re1 Nxf1 19. Rhxf1 Nxe5 20.
Rxe5 Kf8 21. c4 dxc4 22. Rd1 Ke7 23. Rc5 b6 24. Rxc4 a6 25. Rc7+ Ke8 26. Rd3
Rb8 27. Rh3 Bd7 28. Rxh7 Ke7 29. Rh3 a5 30. Rd3 Rd8 31. h4 Rc8 32. Rdxd7+ 1-0